[Event "64.Camp. Veneto Quarti di Finale"]
[Site "Arquà Petrarca ITA"]
[Date "2004.05.09"]
[Round "2.4"]
[White "Giuriati, Paolo"]
[Black "Cardili, Mariano"]
[Result "1-0"]
[WhiteElo "2185"]
[BlackElo "1971"]
[Annotator "Gabriele Ballarin"]
[PlyCount "67"]
[EventDate "2004.05.08"]
[EventType "swiss"]
[EventRounds "6"]
[EventCountry "ITA"]

1. d4 d5 2. Nf3 Nf6 3. Bf4 Bf5 4. e3 e6 5. h3 Nbd7 6. Nbd2 c5 7. c3 Qb6 8. Qc1 Bd6 9. Ne5 Bxe5 10. dxe5 Ne4 11. Nf3 O-O 12. Be2 c4 13. Nh4 Nec5 14. Nxf5 exf5 15. O-O Qe6 16. Qd2 b5 17. Qd4 Rac8 18. Rad1 Nb6 19. f3 h6 20. Kh2 g5 21. Bg3 Qg6 22. f4 Ne4 23. Be1 g4 24. hxg4 fxg4 25. f5 Qg5 26. Rf4 h5 27. Rxe4 dxe4 28. Qxe4 Rcd8 29. Rd4 Rfe8 30. Bd1 Qe7 31. Bg3 Rxd4 32. exd4 Rd8 33. f6 Qe6 34. Bc2 1-0

[Event "64.Camp. Veneto Quarti di Finale"]
[Site "Arquà Petrarca ITA"]
[Date "2004.05.09"]
[Round "2.5"]
[White "Bettera, Roberto"]
[Black "Sgaravatti, Francesco"]
[Result "0-1"]
[WhiteElo "1919"]
[BlackElo "2140"]
[Annotator "Roberto Bettera"]
[PlyCount "52"]
[EventDate "2004.05.08"]
[EventType "swiss"]
[EventRounds "6"]
[EventCountry "ITA"]

1. d4 Nf6 2. Nf3 g6 3. c4 Bg7 4. Nc3 O-O 5. e4 c6 6. Be3 d5 7. cxd5 cxd5 8. e5 Ne8 9. Qb3 Nc7 10. Bd3 Nc6 11. O-O Rb8 12. Rac1 Bg4 13. Nd2 Nxe5 14. dxe5 d4 15. Bxd4 Qxd4 16. Nce4 Bxe5 17. Rc2 b5 18. h3 Be6 19. Qa3 b4 20. Nf3 bxa3 21. Nxd4 axb2 22. Nc6 b1=Q 23. Nxe5 Qb7 24. Rfc1 Nd5 25. Nc5 Qb6 26. Nxe6 Qxe6 0-1

[Event "64.Camp. Veneto Quarti di Finale"]
[Site "Arquà Petrarca ITA"]
[Date "2004.05.09"]
[Round "2.6"]
[White "Maniero, Riccardo"]
[Black "Rossato, Armando"]
[Result "0-1"]
[WhiteElo "1874"]
[BlackElo "2116"]
[Annotator "Gabriele Ballarin"]
[PlyCount "42"]
[EventDate "2004.05.08"]
[EventType "swiss"]
[EventRounds "6"]
[EventCountry "ITA"]

1. e4 c5 2. c3 d5 3. exd5 Qxd5 4. d4 cxd4 5. cxd4 Nc6 6. Nf3 e5 7. Nc3 Bb4 8. a3 Bxc3+ 9. bxc3 exd4 10. cxd4 Bg4 11. Be2 Nge7 12. O-O Rd8 13. Be3 O-O 14. Qa4 Qd7 15. Kh1 Nd5 16. Rac1 Rfe8 17. Qb3 Nf4 18. Bxf4 Rxe2 19. Ne5 Nxd4 20. Qc4 Qf5 21. Nxg4 Qxf4 0-1

[Event "64.Camp. Veneto Quarti di Finale"]
[Site "Arquà Petrarca ITA"]
[Date "2004.05.09"]
[Round "2.7"]
[White "Navarro, Stefano"]
[Black "Zarpellon, Daniel"]
[Result "1-0"]
[WhiteElo "2115"]
[BlackElo "1940"]
[Annotator "Gabriele Ballarin"]
[PlyCount "33"]
[EventDate "2004.05.08"]
[EventType "swiss"]
[EventRounds "6"]
[EventCountry "ITA"]

1. e4 c5 2. Nf3 d6 3. d4 cxd4 4. Nxd4 Nf6 5. Nc3 a6 6. f4 Qc7 7. Be2 Nc6 8. Be3 b5 9. Nxc6 Qxc6 10. e5 Ne4 11. Bf3 Bf5 12. Qd4 d5 13. Nxd5 Rd8 14. Rd1 Qc8 15. Bxe4 Bg4 16. Rd2 e6 17. Nc7+ 1-0

[Event "64.Camp. Veneto Quarti di Finale"]
[Site "Arquà Petrarca ITA"]
[Date "2004.05.09"]
[Round "2.8"]
[White "Nagliati, Paolo"]
[Black "Danieli, Enrico"]
[Result "0-1"]
[WhiteElo "1829"]
[BlackElo "2103"]
[Annotator "Gabriele Ballarin"]
[PlyCount "118"]
[EventDate "2004.05.08"]
[EventType "swiss"]
[EventRounds "6"]
[EventCountry "ITA"]

1. e4 d5 2. exd5 Nf6 3. Nc3 Nxd5 4. Bc4 e6 5. Nge2 Be7 6. d4 O-O 7. O-O b6 8. Nxd5 exd5 9. Bb3 Bb7 10. Nf4 c6 11. c3 Nd7 12. Re1 Bd6 13. Bc2 Nf6 14. Qd3 g6 15. Qf3 Re8 16. Rxe8+ Qxe8 17. Bd2 Ne4 18. Be3 Qe7 19. Nd3 Re8 20. g3 Ng5 21. Qg4 Ne4 22. Bf4 Bc8 23. Qf3 Ng5 24. Bxg5 Qxg5 25. Re1 Rxe1+ 26. Nxe1 Be6 27. Qe3 Qh5 28. Ng2 Bd7 29. Nf4 Qg5 30. Ng2 Qf6 31. Nh4 Qe6 32. Qxe6 Bxe6 33. f4 Be7 34. Nf3 f6 35. Kf2 Kf7 36. Ke3 a5 37. Nh4 Bh3 38. f5 g5 39. Nf3 h5 40. Ng1 Bf1 41. Ne2 Bg2 42. Kf2 Bh1 43. Kg1 Bf3 44. Kf2 Bg4 45. Ng1 h4 46. h3 hxg3+ 47. Kxg3 Bh5 48. Kf2 Bd6 49. b3 Ba3 50. Ke3 Ke7 51. Bd3 Bc1+ 52. Kf2 Bb2 53. c4 Bxd4+ 54. Kg2 Bxg1 55. Kxg1 d4 56. Kg2 Kd6 57. Bc2 Ke5 58. Kf2 Kf4 59. a3 Be8 0-1

[Event "64.Camp. Veneto Quarti di Finale"]
[Site "Arquà Petrarca ITA"]
[Date "2004.05.09"]
[Round "2.9"]
[White "Lavric, Mihail"]
[Black "Rossi, Gianni"]
[Result "1/2-1/2"]
[WhiteElo "2100"]
[BlackElo "1915"]
[Annotator "Gabriele Ballarin"]
[PlyCount "34"]
[EventDate "2004.05.08"]
[EventType "swiss"]
[EventRounds "6"]
[EventCountry "ITA"]

1. d4 e5 2. dxe5 d6 3. Nf3 Bg4 4. e3 Nc6 5. Bb5 Qd7 6. O-O O-O-O 7. Qd5 Bxf3 8. Qxf3 dxe5 9. Bxc6 bxc6 10. b3 f5 11. Bb2 e4 12. Qe2 Bc5 13. Nc3 Nf6 14. Na4 Bb6 15. Qa6+ Kb8 16. c4 Qc8 17. Qxc8+ Kxc8 1/2-1/2

[Event "64.Camp. Veneto Quarti di Finale"]
[Site "Arquà Petrarca ITA"]
[Date "2004.05.09"]
[Round "2.10"]
[White "Valentini, Paola"]
[Black "Bonafede, Alessandro"]
[Result "0-1"]
[WhiteElo "1808"]
[BlackElo "2083"]
[Annotator "Gabriele Ballarin"]
[PlyCount "109"]
[EventDate "2004.05.08"]
[EventType "swiss"]
[EventRounds "6"]
[EventCountry "ITA"]

1. c4 f5 2. Nc3 Nf6 3. Nf3 g6 4. g3 Bg7 5. Bg2 O-O 6. O-O d6 7. d4 Qe8 8. b3 e5 9. dxe5 dxe5 10. Ba3 Rf7 11. Qc2 Nc6 12. e3 e4 13. Nd4 Ne5 14. Rad1 c6 15. Nce2 g5 16. Bc1 g4 17. Nf4 Bh6 18. Nde2 Nf3+ 19. Kh1 Bg5 20. Ba3 h5 21. h4 gxh3 22. Bxh3 Rh7 23. Rd6 h4 24. Kg2 hxg3 25. fxg3 Ng4 26. Qc3 Nge5 27. Rh1 Be7 28. Rdd1 Bxa3 29. b4 Be6 30. Nxe6 Qxe6 31. Qxa3 Qxc4 32. Qb3 Qxb3 33. axb3 Rf8 34. Nd4 Nxd4 35. Rxd4 Nf3 36. Rdd1 Ng5 37. Rdf1 Nf3 38. Rd1 Ne5 39. Rhf1 Rhf7 40. Rd4 Nd3 41. Rd1 Kg7 42. Kf1 Kf6 43. Ke2 Ke5 44. Ra1 f4 45. Ra5+ b5 46. gxf4+ Nxf4+ 47. exf4+ Kxd4 48. f5 Kc3 49. Ra6 Rf6 50. Rxa7 Kxb3 51. Re7 Rh8 52. Bg4 Rg8 53. Rxe4 Rgf8 54. Kf3 Kc2 55. Rf4 0-1

[Event "64.Camp. Veneto Quarti di Finale"]
[Site "Arquà Petrarca ITA"]
[Date "2004.05.09"]
[Round "2.11"]
[White "Solinas, Carlo"]
[Black "Demiraj, Rumi"]
[Result "1-0"]
[WhiteElo "2072"]
[BlackElo "1871"]
[Annotator "Gabriele Ballarin"]
[PlyCount "61"]
[EventDate "2004.05.08"]
[EventType "swiss"]
[EventRounds "6"]
[EventCountry "ITA"]

1. e4 Nf6 2. e5 Nd5 3. Nc3 e6 4. Nf3 d6 5. d4 Be7 6. a3 dxe5 7. Nxe5 Bf6 8. Qg4 Nxc3 9. bxc3 c5 10. Bb5+ Bd7 11. Bd3 Nc6 12. Qe4 cxd4 13. Nc4 Bc8 14. O-O Qd5 15. Qxd5 exd5 16. Re1+ Be7 17. Nd6+ Kf8 18. Bf4 f6 19. Nb5 Bd8 20. Rab1 g5 21. Bc7 Bd7 22. Bxd8 Rxd8 23. Nc7 b6 24. Nxd5 Kg7 25. cxd4 Rhe8 26. c3 Rxe1+ 27. Rxe1 Re8 28. Ne3 Na5 29. g4 h6 30. Bf5 Bb5 31. Rb1 {Nur} 1-0

[Event "64.Camp. Veneto Quarti di Finale"]
[Site "Arquà Petrarca ITA"]
[Date "2004.05.09"]
[Round "2.12"]
[White "Quaranta, Cristiano"]
[Black "Gennari, Leone"]
[Result "1-0"]
[WhiteElo "2031"]
[BlackElo "2068"]
[Annotator "Gabriele Ballarin"]
[PlyCount "55"]
[EventDate "2004.05.08"]
[EventType "swiss"]
[EventRounds "6"]
[EventCountry "ITA"]

1. d4 Nf6 2. Bg5 e6 3. e4 Be7 4. Bd3 h6 5. Bxf6 Bxf6 6. e5 Be7 7. Qg4 O-O 8. f4 d5 9. Nf3 c5 10. dxc5 Qa5+ 11. Nbd2 Qxc5 12. O-O-O Nc6 13. Nb3 Qb6 14. c3 Bd7 15. Nbd4 Rac8 16. f5 exf5 17. Bxf5 Nxd4 18. Bxd7 Rxc3+ 19. bxc3 Ba3+ 20. Kd2 Qb2+ 21. Kd3 Nb5 22. Bxb5 Qxb5+ 23. Ke3 f5 24. exf6 Re8+ 25. Kf2 Qe2+ 26. Kg3 Bd6+ 27. Kh3 g5 28. Rhe1 1-0

[Event "64.Camp. Veneto Quarti di Finale"]
[Site "Arquà Petrarca ITA"]
[Date "2004.05.09"]
[Round "2.13"]
[White "Velluti, Alberto"]
[Black "Rossi, Damiano"]
[Result "1/2-1/2"]
[WhiteElo "1802"]
[BlackElo "2002"]
[Annotator "Gabriele Ballarin"]
[PlyCount "45"]
[EventDate "2004.05.08"]
[EventType "swiss"]
[EventRounds "6"]
[EventCountry "ITA"]

1. e4 c5 2. Nf3 Nc6 3. d4 cxd4 4. Nxd4 g6 5. Nxc6 bxc6 6. Bc4 Bg7 7. O-O Qc7 8. Qf3 Nf6 9. Bf4 d6 10. e5 dxe5 11. Bxe5 Qxe5 12. Qxc6+ Nd7 13. Qxa8 O-O 14. Qxa7 Qxb2 15. Na3 Bd4 16. Qa5 Ne5 17. Rab1 Nxc4 18. Nxc4 Qxc2 19. Ne3 Qc6 20. Qd5 Qf6 21. Qe4 e5 22. Rfd1 Bd7 23. Rdc1 {=} 1/2-1/2

[Event "64.Camp. Veneto Quarti di Finale"]
[Site "Arquà Petrarca ITA"]
[Date "2004.05.09"]
[Round "2.14"]
[White "Ballarin, Gabriele"]
[Black "Roberti, Ignazio"]
[Result "0-1"]
[WhiteElo "1754"]
[BlackElo "1992"]
[Annotator "Gabriele Ballarin"]
[PlyCount "90"]
[EventDate "2004.05.08"]
[EventType "swiss"]
[EventRounds "6"]
[EventCountry "ITA"]
[SourceTitle "Inf 17"]

1. e4 c5 2. Nf3 Nc6 3. d4 cxd4 4. Nxd4 Nf6 5. Nc3 e5 6. Ndb5 d6 7. Bg5 a6 8. Na3 b5 9. Nd5 Be7 10. Nxe7 Nxe7 11. Bxf6 gxf6 12. c4 bxc4 13. Nxc4 d5 14. exd5 Nxd5 15. Qa4+ Qd7 16. Nd6+ Ke7 17. Nxc8+ Rhxc8 18. Qxd7+ Kxd7 19. Bd3 Ne7 20. Rd1 Ke6 21. b3 Nc6 22. Be4 Rab8 23. Bxc6 Rxc6 24. Ke2 Rbc8 25. Rd2 Rc2 26. Rhd1 f5 27. Rxc2 Rxc2+ 28. Rd2 Rxd2+ 29. Kxd2 Kd5 30. g3 Kd4 31. h3 h6 32. f3 h5 33. h4 e4 34. g4 fxg4 35. fxg4 hxg4 36. h5 Ke5 37. b4 g3 38. Ke2 f5 39. a4 f4 40. b5 f3+ 41. Ke3 g2 42. Kf2 e3+ 43. Kxe3 g1=Q+ 44. Kxf3 axb5 45. axb5 Qd1+ 0-1

[Event "64.Camp. Veneto Quarti di Finale"]
[Site "Arquà Petrarca ITA"]
[Date "2004.05.09"]
[Round "2.15"]
[White "D'Elia, Alessandro"]
[Black "Casciello, Dimitri"]
[Result "0-1"]
[WhiteElo "1688"]
[BlackElo "1820"]
[Annotator "Gabriele Ballarin"]
[PlyCount "70"]
[EventDate "2004.05.08"]
[EventType "swiss"]
[EventRounds "6"]
[EventCountry "ITA"]

1. d4 Nf6 2. c4 g6 3. Nc3 Bg7 4. Bf4 O-O 5. Nf3 d6 6. e3 Nbd7 7. Be2 a6 8. O-O Nh5 9. Bg5 h6 10. Bh4 Nhf6 11. Bg3 c5 12. d5 Nh5 13. Bh4 Bxc3 14. bxc3 Ndf6 15. Nd2 Ng7 16. Bxf6 exf6 17. Qb3 Re8 18. Bd3 f5 19. Rab1 Qf6 20. Rfe1 Nh5 21. a4 g5 22. f3 a5 23. Qc2 Ra6 24. Rb2 Ng7 25. Nb1 f4 26. e4 Nf5 27. Qd2 Ne3 28. g4 Kg7 29. Na3 Rh8 30. Nc2 Nxc2 31. Qxc2 h5 32. h3 hxg4 33. hxg4 Rh3 34. Rf1 Qh6 35. Qg2 Rg3 0-1

[Event "64.Camp. Veneto Quarti di Finale"]
[Site "Arquà Petrarca ITA"]
[Date "2004.05.09"]
[Round "2.16"]
[White "Mileto, Gabriele"]
[Black "Drezzadore, Dario"]
[Result "1-0"]
[WhiteElo "2206"]
[BlackElo "1667"]
[Annotator "Gabriele Ballarin"]
[PlyCount "49"]
[EventDate "2004.05.08"]
[EventType "swiss"]
[EventRounds "6"]
[EventCountry "ITA"]

1. e4 c5 2. Nf3 d6 3. d4 cxd4 4. Nxd4 Nf6 5. Nc3 e6 6. Be2 Be7 7. O-O a6 8. f4 Qc7 9. a4 Nc6 10. Be3 Bd7 11. Nb3 Na5 12. Nxa5 Qxa5 13. Qd2 Rc8 14. Bf3 Qb4 15. g4 O-O 16. g5 Qxb2 17. Bd4 e5 18. Nd5 exd4 19. Nxe7+ Kh8 20. Nxc8 Nxe4 21. Bxe4 Rxc8 22. Rfb1 Qc3 23. Qxc3 dxc3 24. Rxb7 Be6 25. Rab1 1-0

[Event "64.Camp. Veneto Quarti di Finale"]
[Site "Arquà Petrarca ITA"]
[Date "2004.05.09"]
[Round "2.17"]
[White "Faccia, Sergio"]
[Black "Danese, Aldo"]
[Result "1/2-1/2"]
[WhiteElo "1980"]
[BlackElo "1760"]
[Annotator "Gabriele Ballarin"]
[PlyCount "83"]
[EventDate "2004.05.08"]
[EventType "swiss"]
[EventRounds "6"]
[EventCountry "ITA"]

1. e4 b6 2. d4 Bb7 3. Bd3 e6 4. Nf3 Bb4+ 5. c3 Be7 6. c4 Bb4+ 7. Nc3 Ne7 8. O-O Bxc3 9. bxc3 O-O 10. Bg5 f6 11. Bh4 Qe8 12. Bg3 Na6 13. Re1 Rc8 14. a4 Nb8 15. a5 a6 16. axb6 cxb6 17. Qb3 f5 18. Bd6 fxe4 19. Bxe4 Bxe4 20. Rxe4 Qg6 21. Re3 Nf5 22. Bxf8 Nxe3 23. fxe3 Rxf8 24. Qd1 Qe4 25. Qe2 h6 26. Nd2 Qc6 27. Qd3 d5 28. cxd5 exd5 29. e4 Rc8 30. Rc1 b5 31. e5 Qb6 32. Rf1 Qe6 33. Nb3 Nd7 34. Nc1 Rf8 35. Qe2 Rxf1+ 36. Qxf1 Qc6 37. Qf3 a5 38. Nd3 b4 39. cxb4 axb4 40. Nxb4 Qc1+ 41. Qf1 Qe3+ 42. Qf2 1/2-1/2

[Event "64.Camp. Veneto Quarti di Finale"]
[Site "Arquà Petrarca ITA"]
[Date "2004.05.09"]
[Round "2.18"]
[White "Calicchia, Giovanni"]
[Black "Pechy, Alaster"]
[Result "1-0"]
[WhiteElo "1760"]
[BlackElo "2138"]
[Annotator "Gabriele Ballarin"]
[PlyCount "90"]
[EventDate "2004.05.08"]
[EventType "swiss"]
[EventRounds "6"]
[EventCountry "ITA"]

1. e4 c5 2. Nf3 d6 3. d4 cxd4 4. Nxd4 Nf6 5. Nc3 g6 6. Be2 Bg7 7. O-O O-O 8. Kh1 Nc6 9. Be3 Bd7 10. f3 Qa5 11. Nb3 Qc7 12. Qd2 Ne5 13. Bh6 Nc4 14. Bxc4 Qxc4 15. Bxg7 Kxg7 16. Nd5 Nxd5 17. exd5 Rac8 18. Rac1 Rc7 19. Rfe1 Bf5 20. Qd4+ Qxd4 21. Nxd4 Rfc8 22. Nxf5+ gxf5 23. c3 Kf6 24. Re3 Rc5 25. Rce1 R8c7 26. Rd3 a5 27. f4 Rc4 28. g3 a4 29. a3 R7c5 30. Kg2 Re4 31. Rxe4 fxe4 32. Rd4 Kf5 33. Rxa4 Rxd5 34. Rd4 Rxd4 35. cxd4 e3 36. Kf3 e2 37. g4+ Ke6 38. Kxe2 Kd5 39. Kd3 e5 40. dxe5 dxe5 41. fxe5 Kxe5 42. a4 Kf4 43. b4 Kxg4 44. a5 Kf5 45. b5 Ke6 1-0

[Event "64.Camp. Veneto Quarti di Finale"]
[Site "Arquà Petrarca ITA"]
[Date "2004.05.09"]
[Round "2.19"]
[White "Vastano, Ciro"]
[Black "Bdair, Bilal"]
[Result "0-1"]
[WhiteElo "1700"]
[BlackElo "1999"]
[Annotator "Gabriele Ballarin"]
[PlyCount "68"]
[EventDate "2004.05.08"]
[EventType "swiss"]
[EventRounds "6"]
[EventCountry "ITA"]

1. e4 c5 2. Nf3 d6 3. d4 cxd4 4. Nxd4 Nf6 5. Nc3 a6 6. Bg5 e6 7. Be2 Be7 8. a4 Bd7 9. Nb3 Qc7 10. O-O Nc6 11. Kh1 O-O 12. Qc1 Rac8 13. f3 Nb4 14. Qd2 d5 15. Rac1 Rfd8 16. Bf4 e5 17. Bg3 dxe4 18. Qe3 Nh5 19. fxe4 Nxg3+ 20. Qxg3 Be6 21. Bg4 Qc4 22. Bxe6 Qxe6 23. Qf2 f6 24. Ne2 Nxc2 25. Na1 Nxa1 26. Rxc8 Qxc8 27. Rxa1 Rd2 28. Qf3 Qc2 29. Ng3 Qxb2 30. Rf1 Bc5 31. Nf5 Rf2 32. Ne7+ Kf8 33. Qd1 Rxf1+ 34. Qxf1 Kxe7 0-1

[Event "64.Camp. Veneto Quarti di Finale"]
[Site "Arquà Petrarca ITA"]
[Date "2004.05.09"]
[Round "2.20"]
[White "Navarro, Tommaso"]
[Black "Zangrando, Gianpietro"]
[Result "1/2-1/2"]
[WhiteElo "1685"]
[BlackElo "1768"]
[Annotator "Gabriele Ballarin"]
[PlyCount "76"]
[EventDate "2004.05.08"]
[EventType "swiss"]
[EventRounds "6"]
[EventCountry "ITA"]

1. e4 e6 2. d4 d5 3. exd5 exd5 4. Nf3 Bd6 5. Be2 Ne7 6. Nc3 c6 7. Bg5 Be6 8. Qd2 Qc7 9. Be3 h6 10. O-O-O Nd7 11. Bd3 O-O-O 12. Ne2 g5 13. Ne1 Nf5 14. h3 Rde8 15. g4 Nh4 16. f4 f6 17. Rf1 Bg8 18. Ng3 Bh7 19. Nh5 Bg6 20. Bxg6 Nxg6 21. f5 Ngf8 22. Nd3 Rh7 23. Rde1 Rhe7 24. Bf2 Nh7 25. Ng7 Rxe1+ 26. Rxe1 Rxe1+ 27. Qxe1 Qd8 28. Bg3 Bxg3 29. Qxg3 Qe7 30. Ne6 Ndf8 31. Ndc5 Nxe6 32. Nxe6 Nf8 33. Nxf8 Qxf8 34. Qe3 Kd8 35. Qe6 Kc7 36. a3 Qd8 37. Qf7+ Kb6 38. c3 a5 1/2-1/2

[Event "64.Camp. Veneto Quarti di Finale"]
[Site "Arquà Petrarca ITA"]
[Date "2004.05.09"]
[Round "2.21"]
[White "Pomaro, Alberto"]
[Black "Bettella, Michele"]
[Result "1-0"]
[WhiteElo "1670"]
[BlackElo "1682"]
[Annotator "Gabriele Ballarin"]
[PlyCount "93"]
[EventDate "2004.05.08"]
[EventType "swiss"]
[EventRounds "6"]
[EventCountry "ITA"]

1. d4 d5 2. c4 c6 3. Nc3 Nf6 4. e3 e6 5. Nf3 Nbd7 6. Bd3 dxc4 7. Bxc4 b5 8. Bd3 Be7 9. O-O O-O 10. a4 b4 11. Ne4 a5 12. Qc2 Bb7 13. Nxf6+ Nxf6 14. Ne5 Rc8 15. b3 c5 16. dxc5 Rxc5 17. Nc4 Qc7 18. f3 Rc8 19. Bb2 h6 20. Rac1 Ba6 21. Bd4 Rc6 22. Rfd1 Nd7 23. Be4 Bxc4 24. Bxc6 Qxc6 25. Qxc4 Qxc4 26. Rxc4 Rxc4 27. bxc4 Nc5 28. Bxc5 Bxc5 29. Kf2 f5 30. Ke2 Kf7 31. Kd3 e5 32. e4 f4 33. g3 g5 34. Rh1 Kg6 35. g4 Bf2 36. Ke2 Bc5 37. h4 gxh4 38. Rxh4 Be3 39. Rh5 Bd4 40. c5 Bxc5 41. Rxe5 Bd4 42. Rxa5 Bc3 43. Rb5 Kg7 44. a5 Kg6 45. a6 Bd4 46. Rxb4 Ba7 47. Rb7 1-0

[Event "64.Camp. Veneto Quarti di Finale"]
[Site "Arquà Petrarca ITA"]
[Date "2004.05.09"]
[Round "2.22"]
[White "Bozzao, Francesco"]
[Black "Canazza, Alessandro"]
[Result "0-1"]
[WhiteElo "1646"]
[BlackElo "1772"]
[Annotator "Gabriele Ballarin"]
[PlyCount "64"]
[EventDate "2004.05.08"]
[EventType "swiss"]
[EventRounds "6"]
[EventCountry "ITA"]

1. d4 Nf6 2. c4 g6 3. Nc3 d5 4. cxd5 Nxd5 5. e4 Nxc3 6. bxc3 Bg7 7. Bc4 c5 8. Be3 Nc6 9. Ne2 O-O 10. O-O Qc7 11. Rc1 Rd8 12. Qc2 a6 13. Qb1 b5 14. Bb3 Bb7 15. f4 e6 16. g4 Na5 17. dxc5 Nc4 18. Bxc4 bxc4 19. Bd4 f5 20. Qb6 Qxb6 21. cxb6 Bxe4 22. Bxg7 Rd2 23. Rf2 Kxg7 24. Nd4 Rxf2 25. Kxf2 Kf6 26. g5+ Ke7 27. Ke3 Kf7 28. Rd1 Rb8 29. Rd2 Rxb6 30. Nc2 Bxc2 31. Rxc2 Rd6 32. Rd2 Rb6 0-1

[Event "64.Camp. Veneto Quarti di Finale"]
[Site "Arquà Petrarca ITA"]
[Date "2004.05.09"]
[Round "2.23"]
[White "Boscolo, Michele"]
[Black "Battiston, Gianfranco"]
[Result "0-1"]
[WhiteElo "1759"]
[BlackElo "1628"]
[Annotator "Gabriele Ballarin"]
[PlyCount "80"]
[EventDate "2004.05.08"]
[EventType "swiss"]
[EventRounds "6"]
[EventCountry "ITA"]

1. d4 d5 2. Bg5 Nf6 3. e3 e6 4. Bd3 Be7 5. Nd2 h6 6. Bh4 a6 7. Ngf3 Nc6 8. c3 Nd7 9. Bg3 O-O 10. O-O Bf6 11. e4 dxe4 12. Nxe4 Be7 13. Re1 f5 14. Ned2 f4 15. Bxf4 Rxf4 16. Rxe6 Nb6 17. Re3 Nd5 18. Bc4 b5 19. Bb3 Bg4 20. Qe1 Bf6 21. Re8+ Qxe8 22. Qxe8+ Rxe8 23. Bxd5+ Kf8 24. Bxc6 Re2 25. Rd1 Bg5 26. Kf1 Rxd2 27. Rxd2 Bxf3 28. Bxf3 Rxf3 29. Re2 Rf6 30. g3 Rd6 31. f4 Bf6 32. Kf2 b4 33. Rc2 bxc3 34. bxc3 Rc6 35. Ke3 Ke7 36. Kd3 Kd7 37. Ke4 a5 38. Kd3 a4 39. c4 Rb6 40. Rc3 Rd6 0-1

[Event "64.Camp. Veneto Quarti di Finale"]
[Site "Arquà Petrarca ITA"]
[Date "2004.05.09"]
[Round "2.24"]
[White "Barbetta, Cosimo"]
[Black "Ferrari, Mario"]
[Result "0-1"]
[WhiteElo "1625"]
[BlackElo "1759"]
[Annotator "Gabriele Ballarin"]
[PlyCount "114"]
[EventDate "2004.05.08"]
[EventType "swiss"]
[EventRounds "6"]
[EventCountry "ITA"]

1. e4 e6 2. c3 d5 3. e5 c5 4. Nf3 Nc6 5. d4 Qb6 6. Be2 cxd4 7. cxd4 Nge7 8. O-O Nf5 9. Nc3 Nfxd4 10. Nxd4 Nxd4 11. Be3 Nxe2+ 12. Qxe2 Qd8 13. Bd4 Be7 14. Rac1 O-O 15. Nb5 Bd7 16. a3 Bxb5 17. Qxb5 b6 18. f4 Rc8 19. b4 Qe8 20. Qa6 Qd7 21. Rcd1 Rc4 22. g3 Rfc8 23. Rf3 Qc7 24. Rfd3 Rc2 25. Qa4 Qc4 26. Qb3 Qxb3 27. Rxb3 R8c4 28. Rbd3 Re2 29. R3d2 Re4 30. Kg2 g5 31. Kf3 Kg7 32. h3 Kg6 33. Be3 h5 34. Rd3 f5 35. Kg2 Rc2+ 36. R1d2 Rec4 37. fxg5 Bxg5 38. Bxg5 Kxg5 39. Kf3 Rxd2 40. Rxd2 f4 41. Rd3 fxg3 42. Kxg3 Kf5 43. Rf3+ Kxe5 44. Rf7 Rc3+ 45. Kh4 Rxa3 46. Rh7 d4 47. Rxh5+ Ke4 48. Kg5 Rf3 49. Kg4 Rf4+ 50. Kg3 d3 51. Rh8 Rf5 52. Rd8 Ke3 53. Rd6 e5 54. Kg4 Rf4+ 55. Kg3 d2 56. Rd5 e4 57. Rxd2 Rf3+ 0-1

[Event "64.Camp. Veneto Quarti di Finale"]
[Site "Arquà Petrarca ITA"]
[Date "2004.05.09"]
[Round "2.25"]
[White "Negro, Raffaele"]
[Black "Biagioli, Valerio"]
[Result "1-0"]
[WhiteElo "1751"]
[BlackElo "1625"]
[Annotator "Gabriele Ballarin"]
[PlyCount "113"]
[EventDate "2004.05.08"]
[EventType "swiss"]
[EventRounds "6"]
[EventCountry "ITA"]

1. d4 Nf6 2. Nf3 g6 3. Nbd2 Bg7 4. e4 d6 5. Bd3 O-O 6. O-O Nbd7 7. c3 e5 8. dxe5 Nxe5 9. Nxe5 dxe5 10. Qc2 Qe7 11. Re1 Bd7 12. b4 Rad8 13. a4 a6 14. b5 axb5 15. axb5 Ra8 16. Ra4 Rfd8 17. Bc4 Be6 18. Bxe6 Qxe6 19. c4 Bh6 20. Rxa8 Rxa8 21. Bb2 Nd7 22. Nb3 b6 23. Rd1 Bf8 24. Qd3 Nc5 25. Nxc5 Bxc5 26. Qd5 Qxd5 27. exd5 f6 28. Ra1 Rxa1+ 29. Bxa1 Kf7 30. Kf1 h5 31. f3 g5 32. Ke2 g4 33. Kd3 Kg6 34. Ke4 Bd6 35. Bc3 f5+ 36. Ke3 gxf3 37. gxf3 Kg5 38. Be1 Bc5+ 39. Ke2 Bd6 40. h4+ Kf4 41. Bf2 e4 42. fxe4 Kxe4 43. Kd2 f4 44. Ke2 f3+ 45. Kd2 Bf4+ 46. Ke1 Bd6 47. Kd2 Bb4+ 48. Kc2 Bc5 49. Bxc5 bxc5 50. Kd2 Kf4 51. Ke1 Kg3 52. Kf1 Kxh4 53. b6 cxb6 54. d6 Kg3 55. d7 h4 56. d8=Q h3 57. Qg5+ 1-0

[Event "64.Camp. Veneto Quarti di Finale"]
[Site "Arquà Petrarca ITA"]
[Date "2004.05.09"]
[Round "2.26"]
[White "Crivellaro, Luca"]
[Black "Morganti, Lionello"]
[Result "1-0"]
[WhiteElo "1625"]
[BlackElo "1739"]
[Annotator "Gabriele Ballarin"]
[PlyCount "101"]
[EventDate "2004.05.08"]
[EventType "swiss"]
[EventRounds "6"]
[EventCountry "ITA"]

1. e4 d6 2. d4 Nf6 3. Nc3 g6 4. Nf3 Bg7 5. h3 c6 6. Bd3 b5 7. a3 O-O 8. Be3 Bb7 9. O-O a6 10. Qd2 Nbd7 11. Bh6 c5 12. Bxg7 Kxg7 13. e5 dxe5 14. dxe5 Nxe5 15. Nxe5 c4 16. Rad1 cxd3 17. Nxd3 Qc7 18. Rfe1 Rad8 19. Qe3 e6 20. Nc5 Qc6 21. f3 Kg8 22. Nxb7 Qxb7 23. Rd4 Qa7 24. Rd3 Qxe3+ 25. Rexe3 Kg7 26. Kf2 Nd7 27. Rd6 Nc5 28. Rxd8 Rxd8 29. b4 Nb7 30. Ke2 Kf8 31. a4 Rd4 32. axb5 axb5 33. Re4 Rc4 34. Kd3 Nd6 35. Rxc4 bxc4+ 36. Kd4 Ke7 37. Ne4 Nf5+ 38. Kxc4 Ne3+ 39. Kc5 Nxc2 40. b5 Ne3 41. b6 Nd5 42. Kc6 Nxb6 43. Kxb6 f5 44. Nc3 Kd6 45. Kb5 e5 46. Kc4 g5 47. g3 h5 48. Kd3 g4 49. hxg4 hxg4 50. fxg4 fxg4 51. Ke4 1-0

[Event "64.Camp. Veneto Quarti di Finale"]
[Site "Arquà Petrarca ITA"]
[Date "2004.05.09"]
[Round "2.27"]
[White "Baldi, Giancarlo"]
[Black "Palumbo, Giuseppe"]
[Result "0-1"]
[WhiteElo "1721"]
[BlackElo "1610"]
[Annotator "Gabriele Ballarin"]
[PlyCount "84"]
[EventDate "2004.05.08"]
[EventType "swiss"]
[EventRounds "6"]
[EventCountry "ITA"]

1. Nf3 c5 2. e3 Nf6 3. d4 cxd4 4. exd4 e6 5. Bd3 Be7 6. Nbd2 a6 7. c3 Nc6 8. O-O O-O 9. Re1 b5 10. Ne5 Bb7 11. Ndf3 Na7 12. Bg5 h6 13. Bxf6 Bxf6 14. Bc2 d6 15. Qd3 Re8 16. Qh7+ Kf8 17. Rad1 Ke7 18. Ng4 Rh8 19. Qd3 Kf8 20. Nd2 Nc6 21. Ne4 Be7 22. Qf3 h5 23. Ne3 g5 24. Nd2 Kg7 25. d5 Ne5 26. Qe4 Qf8 27. Nf3 f5 28. Qd4 Bf6 29. Nxe5 Bxe5 30. Qd3 Qf6 31. dxe6 Be4 32. Nxf5+ Qxf5 33. Rxe4 Qxe6 34. Ree1 Raf8 35. Qe3 Qf6 36. Qa7+ Rf7 37. Qb6 Rhf8 38. Re2 Re7 39. g3 h4 40. Qxa6 hxg3 41. hxg3 Rh8 42. Qxb5 Qf3 0-1